Score 0/16 Timer 04:00
2 Plays Today
% Correct
Bruce Almighty
88.5%
The Passion of the Christ
85.3%
South Park: Bigger, Longer & Uncut
80.6%
Monty Python and The Holy Grail
50.1%
Dogma
48.4%
Bedazzled (2000)
44.5%
The Devil's Advocate
43.2%
Little Nicky
38.1%
% Correct
Oh, God!
37.2%
The Last Temptation of Christ
35%
Fantasia
30.2%
Jesus Christ Superstar
28.4%
Constantine
21.1%
The Witches of Eastwick
19.1%
End of Days
14.1%
The Greatest Story Ever Told
9.1%
Remove Ads.
Support Sporcle.
Get the best of Sporcle when you Go Orange. This ad-free experience offers more features, more stats, and more fun while also helping to support Sporcle. Thank you for becoming a member.

You're not logged in!

Compare scores with friends on all Sporcle quizzes.
OR
Log In

Show Comments

Extras

Top Quizzes Today


Score Distribution

Your Account Isn't Verified!

In order to create a playlist on Sporcle, you need to verify the email address you used during registration. Go to your Sporcle Settings to finish the process.

Report this User

Report this user for behavior that violates our Community Guidelines.

Details: